000 00558nmm a2200169Ia 4500
008 251105s9999||||xx |||||||||||||||||und||
020 _a9788437063072
041 _aspa
100 _aSapiña Navarro, Fernando
245 0 _a¿Un futuro sostenible? :
_b El cambio global visto por un científico preocupado
264 _a[Madrid, España] :
_bPublicaciones de la Universidad de Valencia (PUV),
_c2006
300 _a162 páginas
490 _aSin fronteras
650 _aSciences
856 _uhttps://public.digitaliapublishing.com/a/34956
942 _cCF
999 _c82337
_d82337